Top 10 Città più popolose Provincia di Latina - Statistics

Statistiche generali
  • Questo quiz è stato fatto 21 volte
  • Il punteggio medio è 8 su 10
Statistiche sulle risposte
Popolazione (ab.) Città % Corretto
35 551 Cisterna di Latina
100%
117 892 Latina
100%
36 331 Formia
94%
74 691 Aprilia
88%
20 762 Gaeta
75%
18 812 Sabaudia
75%
44 233 Terracina
75%
37 180 Fondi
63%
19 472 Minturno
63%
24 114 Sezze
44%
Nessun quiz corrispondente trovato
Distribuzione punteggi
Percentuale di utenti per punteggio
Percentile per numero di risposta
I tuoi punteggi nel tempo
Non hai fatto questo quiz